<?xml version="1.0" encoding="UTF-8"?>
<record
    xmlns:xsi="http://www.w3.org/2001/XMLSchema-instance"
    xsi:schemaLocation="http://www.loc.gov/MARC21/slim http://www.loc.gov/standards/marcxml/schema/MARC21slim.xsd"
    xmlns="http://www.loc.gov/MARC21/slim">

  <leader>00373nam a22001217a 4500</leader>
  <datafield tag="040" ind1=" " ind2=" ">
    <subfield code="c">HS</subfield>
  </datafield>
  <datafield tag="082" ind1=" " ind2=" ">
    <subfield code="a">550</subfield>
  </datafield>
  <datafield tag="100" ind1=" " ind2=" ">
    <subfield code="a">&#x178F;&#x17D2;&#x179A;&#x17B6;&#x1793; &#x1790;&#x17B6;&#x1793;&#x17CB;&#x1780;&#x17B6;&#x1789;&#x17CB;</subfield>
  </datafield>
  <datafield tag="245" ind1=" " ind2=" ">
    <subfield code="a">&#x178A;&#x17B8;&#x1793;&#x17C5;&#x1780;&#x1798;&#x17D2;&#x1796;&#x17BB;&#x1787;&#x17B6; -&#x179F;&#x17C6;&#x178E;&#x17B6;&#x1780;&#x178A;&#x17B8; les sols du cambodge . monolithes</subfield>
  </datafield>
  <datafield tag="260" ind1=" " ind2=" ">
    <subfield code="a">Cambodia </subfield>
    <subfield code="b">&#x178F;&#x17D2;&#x179A;&#x17B6;&#x1793;&#x17CB; &#x1790;&#x17B6;&#x1793;&#x17CB;&#x1780;&#x17B6;&#x1789;&#x17CB;</subfield>
    <subfield code="c">1992</subfield>
  </datafield>
  <datafield tag="300" ind1=" " ind2=" ">
    <subfield code="a">59p.</subfield>
  </datafield>
  <datafield tag="942" ind1=" " ind2=" ">
    <subfield code="c">KB</subfield>
  </datafield>
  <datafield tag="999" ind1=" " ind2=" ">
    <subfield code="c">8857</subfield>
    <subfield code="d">8857</subfield>
  </datafield>
  <datafield tag="952" ind1=" " ind2=" ">
    <subfield code="0">0</subfield>
    <subfield code="1">0</subfield>
    <subfield code="4">0</subfield>
    <subfield code="6">550_000000000000000_&#x178F;&#x179A;&#x17B6;&#x1793;_1992_C164</subfield>
    <subfield code="7">0</subfield>
    <subfield code="9">49841</subfield>
    <subfield code="a">LBC</subfield>
    <subfield code="b">LBC</subfield>
    <subfield code="c">C164</subfield>
    <subfield code="d">2016-08-18</subfield>
    <subfield code="o">550 &#x178F;&#x17D2;&#x179A;&#x17B6;&#x1793; 1992 C164</subfield>
    <subfield code="p">RUA045097</subfield>
    <subfield code="r">2016-10-13</subfield>
    <subfield code="y">KB</subfield>
  </datafield>
  <datafield tag="952" ind1=" " ind2=" ">
    <subfield code="0">0</subfield>
    <subfield code="1">0</subfield>
    <subfield code="4">0</subfield>
    <subfield code="6">550_000000000000000_&#x178F;&#x179A;&#x17B6;&#x1793;_1992_C174</subfield>
    <subfield code="7">0</subfield>
    <subfield code="9">49857</subfield>
    <subfield code="a">LBC</subfield>
    <subfield code="b">LBC</subfield>
    <subfield code="c">C175</subfield>
    <subfield code="d">2016-08-18</subfield>
    <subfield code="o">550 &#x178F;&#x17D2;&#x179A;&#x17B6;&#x1793; 1992 C174</subfield>
    <subfield code="p">RUA046975</subfield>
    <subfield code="r">2016-10-17</subfield>
    <subfield code="y">KB</subfield>
  </datafield>
  <datafield tag="952" ind1=" " ind2=" ">
    <subfield code="0">0</subfield>
    <subfield code="1">0</subfield>
    <subfield code="4">0</subfield>
    <subfield code="6">550_000000000000000_&#x178F;&#x179A;&#x17B6;&#x1793;_1992_C169</subfield>
    <subfield code="7">0</subfield>
    <subfield code="9">52962</subfield>
    <subfield code="a">LBC</subfield>
    <subfield code="b">LBC</subfield>
    <subfield code="c">C169</subfield>
    <subfield code="d">2016-10-10</subfield>
    <subfield code="o">550 &#x178F;&#x17D2;&#x179A;&#x17B6;&#x1793; 1992 C169</subfield>
    <subfield code="p">RUA047014</subfield>
    <subfield code="r">2016-10-10</subfield>
    <subfield code="w">2016-10-10</subfield>
    <subfield code="y">KB</subfield>
  </datafield>
</record>
